Catalog

Record Details

Catalog Search



Rebel chef : in search of what matters / Dominique ... Read More

Crenn, Dominique,(author.).
Brockes, Emma,(author.).

Available copies

  • 1 of 1 copy available at LARL/NWRL Consortium.
  • 1 of 1 copy available at Lake Agassiz Regional Library. (Show preferred library)

Current holds

0 current holds with 1 total copy.

Show Only Available Copies
Location Call Number / Copy Notes Barcode Shelving Location Status Due Date
Detroit Lakes Public Library 921 CRE (Text) 33500013260492 Main Available -

Record details

  • ISBN: 9780735224742
  • ISBN: 0735224749
  • Physical Description: 304 p.
  • Publisher: New York : Penguin Press, 2020.

Content descriptions

Summary, etc.:
"The inspiring and deeply personal memoir from ... Read More
Subject: Crenn, Dominique.
Cooks > United States > Biography.
LDR 03622cam a22003738i 4500
001346087
003LARL_NWRL_CONSORTIUM
00520200506155722.0
008200228s2020 nyu 000 0aeng
010 . ‡a 2020001774
040 . ‡aDLC ‡beng ‡erda ‡cDLC ‡dCNWPU
020 . ‡a9780735224742 ‡q(hardcover)
020 . ‡a0735224749
020 . ‡z9780735224759 ‡q(ebook)
035 . ‡a(OCoLC)1148424632
042 . ‡apcc
043 . ‡an-us---
08200. ‡a641.5092 ‡aB ‡223
1001 . ‡aCrenn, Dominique, ‡eauthor.
24510. ‡aRebel chef : ‡bin search of what matters / ‡cDominique Crenn with Emma Brockes.
264 1. ‡aNew York : ‡bPenguin Press, ‡c2020.
300 . ‡a304 p.
336 . ‡atext ‡btxt ‡2rdacontent
337 . ‡aunmediated ‡bn ‡2rdamedia
338 . ‡avolume ‡bnc ‡2rdacarrier
520 . ‡a"The inspiring and deeply personal memoir from highly acclaimed chef Dominique Crenn. When Dominique Crenn was awarded three Michelin Stars in 2018 for her influential San Francisco restaurant Atelier Crenn, she became the first female chef in the United States to receive this highly coveted honor. As the first female chef in the United States to receive any stars from the prestigious Michelin restaurant guide, she had previously made waves as the first female executive chef in Indonesia. These were no small feats for someone who hadn't gone to culinary school or been formally trained in French kitchens. In Rebel Chef, Crenn reflects on her untraditional coming-of-age as a chef, beginning with her happy childhood in Versailles where, as the adopted daughter of a politician, she was emboldened to be curious and independent, and to find her own voice. She was exposed to fine dining from a young age, and a family friend, a restaurant critic, encouraged her to see the story behind the food. But at twenty-one, after deciding to become a chef, Crenn found it to be a near impossible dream in France, where men dominated the kitchens. Never one to be told no, she moved to San Francisco to work under the legendary Jeremiah Tower. It was there that her training began. But there is another reason Crenn has always felt free to pursue her own unconventional course. Adopted as a toddler, she didn't resemble her parents, or even look traditionally French. Growing up she often felt like an outsider, and was haunted by a past she knew nothing about. But after years of working to fill this blank space, Crenn recognized this duality as a source of strength, one which gives her the power to be whoever she wants to be. Filled with stories from the years Crenn spent working in the male-centric world of professional kitchens, tracking her career from struggling cook to being named the World's Best Female Chef, starring on Netflix's Chef's Table, and running one of the world's most acclaimed restaurants - while at the same time speaking out on restaurant culture, sexism, immigration, and climate change - Rebel Chef is a disarmingly honest and revealing look at one woman's evolution from a daring young chef to a respected activist. At once a tale of personal discovery and a tribute to unrelenting determination, Rebel Chef is the story of one woman making a place for herself in the kitchen, and in the world"-- ‡cProvided by publisher.
60010. ‡aCrenn, Dominique.
650 0. ‡aCooks ‡zUnited States ‡vBiography. ‡0(LARL_NWRL_CONSORTIUM)164487
7001 . ‡aBrockes, Emma, ‡eauthor. ‡0(LARL_NWRL_CONSORTIUM)212080
77608. ‡iOnline version: ‡aCrenn, Dominique, ‡tRebel chef ‡dNew York : Penguin Press, 2020. ‡z9780735224759 ‡w(DLC) 2020001775
905 . ‡uvanderl
901 . ‡a346087 ‡b ‡c346087 ‡tbiblio ‡soclc

Additional Resources